1839 1872 1385 1108 1862 1384 1238 1945 1094 1664 1475 1125 1916 1305 1683 1017 1174 1197 1219 1237 1095 1011 1238 1257 1941 1858 1434 1336 1953 1414 1626 1156 1321 1360 1661 1622 1219 1089 1590 1791 1267 1946 1631 1050 1924 1217 1897 1350 1728 1758 1307 1144 1013 1985 1579 1133 1422 1547 1361 1636 1062 1835 1227 1177 1895 1342 1315 1729 1720 1932 1487 1145 1144 1962 1289 1790 1450 1312 1809 1632 1424 1906 1461 1068 1347 1479 1065 1744 1316 1714 1302 1958 1128 1429 1759 1640 1035 1923 1179 BCNSPRNW ULIB Ver.6.0+V

เปลี่ยนเป็นภาษาไทย

Change to English
 แสดงรายละเอียดบรรณานุกรม
  กลับหน้าหลัก

Brief Record : Get Marc (ISO 2709) : E-mail record : QR code < ปิดหน้าต่าง
LEADER : 00000nam 2200000uu 4500
001    13399114620
003     ULIB
008    120424s2552||||th 000 0 tha d
020    ^a9789743931093
050  4 ^aBQ4487^bส197ต 2552
100 0  ^aดร.สนอง วรอุไร
245 10 ^aตายแล้วฟื้นตื่นมาเล่า /^cดร.สนอง วรอุไร
250    ^aพิมพ์ครั้งที่ 6
260    ^aกรุงเทพฯ :^bอมรินทร์ธรรมะ,^c2552
300    ^a149 หน้า ;^c21 ซม.
650  4 ^aความตาย^xแง่ศาสนา
650  4 ^aนรก
650  4 ^aวิญญาณ
945    ^p120^l0^i16670
995    ^aกัณชพร
999 ^a ใช้งานได้ทุกระบบ
รายการนี้ยังไม่มีแท็ก
คุณยังไม่ได้ล็อกอิน คุณสามารถมีกิจกรรมร่วมกับเว็บไซต์ได้ แต่ต้องล็อกอินก่อน ::
  ล็อกอิน

รายการสื่อสารสนเทศ

ลำดับที่ ประเภท เลขเรียก/บาร์โค้ด สถานที่ สถานะ
- ไม่พบข้อมูล -

รายการใกล้เคียง
    หัวเรื่อง [วิญญาณ]

BibComment


ยังไม่เคยถูกคอมเมนท์

คอมเมนท์ทรัพยากรรายการนี้
  คอมเมนท์: ตายแล้วฟื้นตื่นม..


 Copyright 2026. Bcnsprnw @Library